[Event "GER Seniors Derby 16th"]
[Site "Wesel Undeloh"]
[Date "2017.03.18"]
[Round "5"]
[White "Kuhle, Ingo"]
[Black "Bremenkamp, Holger"]
[Result "1-0"]
[WhiteElo "1536"]
[BlackElo "1746"]
[PlyCount "127"]
[EventDate "2017.03.16"]
[EventType "swiss"]
[EventRounds "7"]
[EventCountry "GER"]
[SourceTitle "EXT 2019"]
[Source "ChessBase"]
[SourceDate "2018.10.10"]
[SourceVersion "1"]
[SourceVersionDate "2018.10.10"]
[SourceQuality "1"]

1. f4 d5 2. e3 Nf6 3. Nf3 c5 4. Be2 Nc6 5. 0-0 e6 6. b3 Be7 7. Bb2 0-0 8. d3 Ng4 9. Qd2 d4 10. Nxd4 cxd4 11. Bxg4 dxe3 12. Qxe3 Nb4 13. Qe2 Bc5+ 14. Kh1 Nd5 15. Ba3 Bxa3 16. Nxa3 Bd7 17. c4 Nc7 18. Nc2 Rc8 19. Rad1 Re8 20. Rf3 f5 21. Bh5 g6 22. Rg3 Qh4 23. Rf1 Re7 24. d4 a6 25. Ne1 Rg7 26. Bf3 b6 27. Nd3 Re8 28. Rh3 Qd8 29. Ne5 Bc8 30. Rd1 g5 31. fxg5 Rxg5 32. Rd3 Qf6 33. Qf2 Re7 34. Qh4 Reg7 35. Rg3 Ne8 36. Rxg5 Rxg5 37. Bc6 Nd6 38. Rf3 Qg7 39. Rg3 Rxg3 40. Qxg3 Qxg3 41. hxg3 Kg7 42. Bd7 Kf6 43. Bxc8 Nxc8 44. Nc6 Nd6 45. Nb8 Ne4 46. Nd7+ Ke7 47. Nxb6 Nxg3+ 48. Kh2 Ne2 49. d5 exd5 50. Nxd5+ Kd6 51. b4 Nc1 52. a3 Nd3 53. Nf6 h6 54. Ng8 h5 55. Nf6 h4 56. Nh5 Ne5 57. c5+ Kc6 58. Ng7 a5 59. Nxf5 axb4 60. axb4 Nd3 61. Nd4+ Kc7 62. Nc2 Ne5 63. Kh3 Kc6 64. Kxh4 1-0